00927nam a22002057a 4500003000900000008004100009040007100050082001900121100002000140245005900160260004100219300002800260440002400288505030700312650002700619650002500646650001500671650001400686650002100700AR-CdUCM190312b ||||| |||| 00| 0 spa d aMUNICIPALIDAD PROVINCIAL DEL CUSCOcBIBLIOTECA MUNICIPAL DEL CUSCO a869.009 /bJ21 aJansen, André aLa novela hispanoamericana actual y sus antecedentes / aBarcelona :bEditorial Labor,c1973. a152 páginas ;c19 cm. aColeccion Laborn50 aContenido: Aspectos sintéticos de las culturas indias precolombinas en sus centros latinoamericanos: México y Perú -- Los antecedentes de la literatura hispanoamericana actual -- Tres nombres -- Rómulo Gallegos (1884-1969) -- Miguel Angel Asturias (1899) -- La novela hispanoamericana actual... aNovela latinoamericana aHistoria y crítica aIndígena aLiteratos aAmérica Latina